| 000 | 00689nam a2200217 i 4500 | ||
|---|---|---|---|
| 001 | 125612 | ||
| 003 | ES-MaACL | ||
| 005 | 20240322170306.0 | ||
| 007 | t| | ||
| 008 | 070620s1955 sp ||||1| spa d | ||
| 100 | 1 |
_aZilahy, Lajos. _9118252 |
|
| 245 | 1 | 3 |
_aEl ángel enfurecido / _cLajos Zilahy ; [traducción de la edición inglesa revisada por el autor por Manuel Bosch Barrett]. |
| 250 | _a1ª ed. | ||
| 260 |
_aBarcelona : _bJosé Janés : [C. Puig], _c1955. |
||
| 300 |
_a342 p. ; _c22 cm. |
||
| 490 | 1 | _aClub de los lectores | |
| 700 | 1 |
_aBosch Barrett, Manuel. _930649 |
|
| 830 | 0 |
_aClub de los lectores _9181243 |
|
| 852 |
_aES-MaACL _jC-10305 |
||
| 999 |
_c125612 _d125612 |
||